000 01162cam a22003377a 4500
003 CHAP
005 20220329142611.0
008 020325d2002 mx abd r 00110 spa d
010 _a85511
011 _a86483
035 _a97021
040 _cCHAP
090 _aTesis
100 0 0 _aDíaz Uribe, Gustavo.
_933660
245 1 0 _aFundamentos agronómicos para el manejo de céspedes
_c/por Gustavo Díaz Uribe
260 _aChapingo, Méx. :
_bEl autor,
_c2002
300 _a140 h. :
_bilus. ; gráfs. ; mapas ; tablas
502 _aTesis (Ing. Agr. Esp. en Fitotecnia) -- UACH. Departamento de Fitotecnia
590 _aALEPH
_b10
_c20130110
_lUCH01
_h1446
590 _aBATCH-UPD
_b10
_c20130110
_lUCH01
_h0806
590 _aBATCH-UPD
_b10
_c20130410
_lUCH01
_h0444
590 _aBATCH-UPD
_b10
_c20130914
_lUCH01
_h0957
590 _aCONVERSION
_b10
_c20130109
_lUCH01
_h1347
650 1 4 _aCésped.
_924332
650 1 4 _aJardines.
_961147
901 _aBK
905 _aMarco A. Mendoza T.
942 _cFOLL
949 _aTesis
_bBC
_cTES
_d33724000861126
_eTS2
_fc.2
_gDonaciØn
_h39373
_i97021
_si
949 _aTesis
_bBC
_cTES
_d970211
_eTS1
_gDonaciØn
_h39372
_i97021
_sb
999 _c85511
_d85511